عرض عادي
عرض مارك
- Embedded computer systems
مدخل مصطلح موضوعي
عدد التسجيلات المستخدمة في: 11
001 - رقم الضبط
- حقل الضبط: 4771
003 - معرف رقم الضبط
- حقل الضبط: OSt
005 - تاريخ ووقت أخر عملية
- حقل الضبط: 20110921155321.0
008 - عناصر بيانات ثابتة الطول
- حقل تحكم ثابت الطول: 110921|||a|||||| | ||| d
040 ## - مصدر الفهرسة
- هيئة الفهرسة الأصلية: OSt
- وكالة الكتابة: OSt
150 ## - مدخل-- مصطلح تاريخي
- عنصر مدخل المصطلح الموضوعي او الاسم الجغرافي: Embedded computer systems
- تفريع عام: Programming.
670 ## - بيانات المصدر موجوده
- الاستشهاد بالمصدر: Work cat.: (OSt)790: Crenshaw, Jack W. 4768, Math toolkit for real-time programming /, c2000.
